[Event "TUR-chT 2nd League"]
[Site "Konya"]
[Date "2019.07.26"]
[Round "7.16"]
[White "Eroltu, Ceylan"]
[Black "Polat, Cagla Deniz"]
[Result "1-0"]
[WhiteElo "1313"]
[BlackElo "1066"]
[PlyCount "87"]
[EventDate "2019.07.22"]
[EventType "team-swiss"]
[EventRounds "9"]
[EventCountry "TUR"]
[SourceTitle "CBM 191 Extra"]
[Source "ChessBase"]
[SourceDate "2019.09.30"]
[SourceVersion "1"]
[SourceVersionDate "2019.09.30"]
[SourceQuality "1"]
[WhiteTeam "Corum Belediye"]
[BlackTeam "Maras Spor Kulubu"]
[WhiteTeamCountry "TUR"]
[BlackTeamCountry "TUR"]

1. e4 c6 2. d4 d5 3. e5 Bf5 4. Nf3 e6 5. Be2 Nd7 6. 0-0 Qc7 7. Be3 f6 8. exf6 Ngxf6 9. h3 0-0-0 10. Nbd2 Bd6 11. c4 c5 12. a3 Kb8 13. b4 b6 14. bxc5 bxc5 15. Qb3+ Ka8 16. Rfc1 Rb8 17. Qd1 Qb6 18. cxd5 Nxd5 19. Nc4 Qc7 20. Nxd6 Qxd6 21. dxc5 Qc6 22. Bd4 Rhe8 23. Ne5 Nxe5 24. Bxe5 Rbd8 25. Bf3 h6 26. Qb3 g5 27. a4 Rg8 28. Qb5 Qc8 29. Bd6 g4 30. hxg4 Bxg4 31. Bxg4 Rxg4 32. Rab1 h5 33. a5 a6 34. Qe2 Nb4 35. Qf3+ Ka7 36. Qf7+ Rd7 37. Qxh5 Rdg7 38. g3 Qc6 39. Re1 Qf3 40. Qh1 Qc3 41. Be5 Qd2 42. Bxg7 Rxg7 43. Qe4 Re7 44. Qxb4 1-0

[Event "TUR-chT 2nd League"]
[Site "Konya"]
[Date "2019.07.22"]
[Round "1.16"]
[White "Polat, Cagla Deniz"]
[Black "Oner, Deniz"]
[Result "1-0"]
[WhiteElo "1066"]
[BlackElo "1085"]
[PlyCount "75"]
[EventDate "2019.07.22"]
[EventType "team-swiss"]
[EventRounds "9"]
[EventCountry "TUR"]
[SourceTitle "CBM 191 Extra"]
[Source "ChessBase"]
[SourceDate "2019.09.30"]
[SourceVersion "1"]
[SourceVersionDate "2019.09.30"]
[SourceQuality "1"]
[WhiteTeam "Maras Spor Kulubu"]
[BlackTeam "Konya Erkin"]
[WhiteTeamCountry "TUR"]
[BlackTeamCountry "TUR"]

1. d4 d5 2. Nf3 Nc6 3. g3 Nf6 4. Bg2 e6 5. 0-0 Bd6 6. Nbd2 Bd7 7. c4 b6 8. b3 h6 9. Bb2 Ne7 10. Qc2 c5 11. Rfe1 Rc8 12. Nh4 g5 13. dxc5 gxh4 14. Bxf6 Bxc5 15. Bxh8 hxg3 16. hxg3 Nf5 17. e3 Qg5 18. Nf3 Qg6 19. Qb2 dxc4 20. Rad1 Qh7 21. Bf6 Be7 22. Bxe7 Nxe7 23. bxc4 Bc6 24. Rd6 Bxf3 25. Bxf3 Nf5 26. Qb5+ Kf8 27. Rd7 Qg6 28. Be4 Rc5 29. Rd8+ Kg7 30. Qe8 Qh7 31. Red1 Rc7 32. Bxf5 Qxf5 33. Qh8+ Kg6 34. Rg8+ Kh5 35. g4+ Qxg4+ 36. Rxg4 Kxg4 37. Qxh6 Rxc4 38. Rd4+ 1-0